Plasma kinetic theory / (Record no. 30377)

000 -LEADER
fixed length control field 00709 a2200193 4500
020 ## - INTERNATIONAL STANDARD BOOK NUMBER
International Standard Book Number 1114112887 (hardcover)
020 ## - INTERNATIONAL STANDARD BOOK NUMBER
International Standard Book Number 9781114112889 (hardcover)
082 ## - DEWEY DECIMAL CLASSIFICATION NUMBER
Classification number 537.532
090 ## - LOCALLY ASSIGNED LC-TYPE CALL NUMBER (OCLC); LOCAL CALL NUMBER (RLIN)
-- 1770
-- 1770
100 1# - MAIN ENTRY--PERSONAL NAME
Personal name Montgomery, D C & Tidman, D A.
245 10 - TITLE STATEMENT
Title Plasma kinetic theory /
Statement of responsibility, etc. D C & Tidman, D A Montgomery.
250 ## - EDITION STATEMENT
Edition statement First Edition.
260 ## - PUBLICATION, DISTRIBUTION, ETC.
Place of publication, distribution, etc. [S.l.] :
Name of publisher, distributor, etc. McGraw-Hill,
Date of publication, distribution, etc. 1964.
300 ## - PHYSICAL DESCRIPTION
Extent 293 p. ;
Dimensions 24 cm.
500 ## - GENERAL NOTE
General note Import.
520 ## - SUMMARY, ETC.
Summary, etc. Hardback, ex-library, with usual stamps and markings, in good all round condition.
942 ## - ADDED ENTRY ELEMENTS (KOHA)
Institution code [OBSOLETE] SNS
Koha item type Book
Call number prefix 537.532 MON
Holdings
Withdrawn status Lost status Damaged status Not for loan Permanent Location Current Location Date acquired Total Checkouts Full call number Barcode Date last seen Date last checked out Price effective from Koha item type
        School of Natural Sciences (SNS) School of Natural Sciences (SNS) 05/26/2016 1 537.532 MON SNS0002074 07/13/2023 02/28/2023 05/26/2016 Book
© 2023 Central Library, National University of Sciences and Technology. All Rights Reserved.